00418nam a22001577a 450000500170000000800410001702000180005804100080007608200150008410000140009924500600011325000090017326000540018230000110023665000130024720210826114031.0200517b xxu||||| |||| 00| 0 eng d a9788123913919 aeng a615.19 SIN aSINGH S.P aConcepts of biochemistry for physiotherapy and pharmacy a1'st aNew DelhibCBS Publishers and distributors c2019 a407, x aPharmacy